| 000 | 00568cam a2200205 4500 | ||
|---|---|---|---|
| 001 | D2445 | ||
| 008 | 090401t1981 xxu||||| |||| 00| 0 eng d | ||
| 035 | _a(Sirsi) u69145 | ||
| 041 | _aeng | ||
| 050 | _a614.853 | ||
| 100 | _aClark, A.J. | ||
| 245 | _aAccidents involving glass in domestic doors and windows: some implications for design | ||
| 260 |
_aGarston, Watford _bBuilding Research Establishment _c1981 |
||
| 300 | _a4p. ill. 30cm | ||
| 350 | _a0 | ||
| 490 |
_aInformation Paper _v18/81 |
||
| 700 | _aWebber, G.M.B. | ||
| 942 | _n0 | ||
| 948 | _c04/03/1997 | ||
| 999 |
_c95159 _d95159 |
||